00565nam a2200145Ia 4500008004100000024004800041082001700089100006400106245003600170260002600206600002500232650003800257856010700295999001700402260210s9999 xx 000 0 und d a15B-017-SE, 15B-018-SE & 15B-020-SE a004.3329 SHA aShahzar Hussain, Syed Khawaja Fasih Uddin & Labiqah Ali 0a3D Protein Modelling(CODE BOOK) aKarachi:bUITU,c2005 aSoftware Engineering aBachelor of Computer Science (BS) uhttps://drive.google.com/file/d/1Ycp6ivEsYa2YaZfBPuv1-VRMZxgiFB8p/view?usp=sharingyClick here for PDF c33390d33390